ბათუმის შოთა რუსთაველის სახელმწიფო უნივერსიტეტის ბიბლიოთეკა

ფილოსოფიური ძიებანი = Philosophical investigations : (ბიბ.ჩანაწერი № 49173)

000 -ლიდერი
ფიქსირებული სიგრძის საკონტროლო ველი 00920nam a2200205Ia 4500
001 - საკონტროლო ნომერი
საკონტროლო ველი 16084
003 - საკონტროლო ნომრის იდენტიფიკატორი
საკონტროლო ველი GE_BSU
005 - ბოლო ოპერაციის თარიღი და დრო
საკონტროლო ველი 20241209144557.0
008 - ფიქსირებული სიგრძის მონაცემთა ელემენტები - ზოგადი ინფორმაცია
ფიქსირებული სიგრძის საკონტროლო ველი 181216s2005||||ge |||||||||||||| ||geo||
040 ## - კატალოგიზაციის წყარო
Transcribing agency GE_BSU
041 ## - ენის კოდი
Language code of text/sound track or separate title geo
080 ## - უნივერსალური ათობითი კლასიფიკაციის ინდექსი
Universal Decimal Classification number 1(479.22) ფ-56
245 ## - ცნობა სათაურის შესახებ
Title ფილოსოფიური ძიებანი = Philosophical investigations :
Remainder of title კრებული 9 /
Statement of responsibility, etc რედ. : სერგი ავალიანი ; სარედ. კოლ. : ა. ბრეგაძე, გ. ბარამიძე და სხვ.
264 ## - წარმოების, გამოცემის, დისტრიბუციის და სხვა ცნობები
გამოცემის, წარმოების, დისტრიბუციის... ადგილი თბილისი :
გამოცემის, წარმოების, დისტრიბუციის... სახელწოდება შპს გამ-ბა ”ლეგას”,
გამოცემის, წარმოების, დისტრიბუციის... თარიღი 2005.
300 ## - ფიზიკური აღწერა
Extent 412 გვ. ;
Dimensions 20 სმ.
653 ## - INDEX TERM--UNCONTROLLED
Uncontrolled term Philosophical investigations
653 ## - INDEX TERM--UNCONTROLLED
Uncontrolled term ფილოსოფიური ძიებანი
700 ## - ADDED ENTRY--PERSONAL NAME
Personal name ავალიანი, სერგი
Relator term რედაქტორი
9 (RLIN) 356
942 ## - ADDED ENTRY ELEMENTS (KOHA)
Koha item type წიგნი
Source of classification or shelving scheme
ეგზემპლარები
ჩამოწერის სტატუსი დაკარგული ეგზემპლარის სტატუსი კლასიფიკაციის წყარო ან თაროზე გაწყობის სქემა დაზიანების სტატუსი არ გაიცემა მუდმივი მდებარეობა (დაცვის ადგილი) ამჟამინდელი ადგილსამყოფელი თაროზე განთავსების ადგილი შეძენის თარიღი სრული შენახვის შიფრი შტრიხკოდი ბოლო ოპერაციის თარიღი ეგზემპლარის მიმდევრობითი ნომერი (კეტერი?) ფასის ძალაში შესვლის თარიღი ეგზემპლარის სახეობა
          ბათუმის შოთა რუსთაველის სახელმწიფო უნივერსიტეტის მთავარი ბიბლიოთეკა ბათუმის შოთა რუსთაველის სახელმწიფო უნივერსიტეტის მთავარი ბიბლიოთეკა წიგნსაცავი 2018-12-17 1(479.22) ფ-56 27513 2018-12-17 27513 2018-12-17 წიგნი